| 000 | 00663nam a22002057a 4500 | ||
|---|---|---|---|
| 010 | _aA-446986 | ||
| 035 | _aA-446986 | ||
| 037 | _bCen Lib / Ret | ||
| 040 |
_aDPL _bEN |
||
| 082 |
_a320.954 _bGAN |
||
| 100 | _aGandhi, M. K. | ||
| 245 |
_aPolitical and national life and affairs / _cby M. K. Gandhi ; edited by V. B. Kher |
||
| 260 |
_aAhmedabad _bNavajivan Publishing House _c1967 |
||
| 270 |
_aNavajivan Publishing House _bAhmedabad |
||
| 300 |
_a(v 1. lv, 204) _b24cm(HB) |
||
| 650 | _aIndia -- Politics and government -- 1919-1947. | ||
| 650 | _aPolitics and government | ||
| 700 | _aKher, V. B. | ||
| 942 |
_2ddc _cEN _h320.954 _mGAN |
||
| 999 |
_c136785 _d136785 |
||